000 00441nam a2200181Ia 4500
005 20240823034939.0
008 240823s9999||||xx |||||||||||||| ||und||
041 _aENGLISH
082 _A131.32 M8
100 _aNorman Vincent Peale
245 0 _aCourage and Confidence an Anthology
250 _a1st
260 _c1988
_b"Vermilion,L"
_aLondon SWIV 2SA
500 _aYES
650 _aNovel
_bEnglish
942 _cBK
999 _c199508
_d199508